Dubrovsky, el bandido
Saved in:
| Main Author: | |
|---|---|
| Format: | Book |
| Language: | Spanish |
| Published: |
Santiago
Quimantú
1972
|
| Series: | Mini Libros
|
| Subjects: | |
| Tags: |
Add Tag
No Tags, Be the first to tag this record!
|
MARC
| LEADER | 00000nam a2200000 a 4500 | ||
|---|---|---|---|
| 001 | UCQ6951 | ||
| 003 | CL-VaPUC | ||
| 008 | 981023e19720000CL |||||||||||||||||spa|d | ||
| 082 | 0 | 4 | |a 891.703 |b PUS |2 21 |
| 100 | 0 | |a Púshkin, Alexander Sergéevich |e author |9 420872 | |
| 245 | 1 | 0 | |a Dubrovsky, el bandido |
| 300 | |a 132 p | ||
| 942 | |c BK | ||
| 945 | |d 19981023 00:00:00 |a crobeson | ||
| 260 | |a Santiago |b Quimantú |c 1972 | ||
| 650 | 7 | |a CUENTOS RUSOS |2 CL-VaPUC |9 265134 | |
| 650 | 0 | |a Literatura rusa |9 318370 | |
| 583 | |a last modification |c 19981023 00:00:00 |k Rodrigo Vera | ||
| 490 | 0 | |a Mini Libros | |
| 999 | |c 276846 |d 276844 | ||
| 952 | |0 0 |1 0 |4 0 |6 891_703000000000000_PUS_1972 |7 0 |8 A |9 314336 |a BIBEDU |b BIBEDU |d 2019-11-20 |i 1486667 |o 891.703 PUS 1972 |p 1486667 |r 2019-11-20 |w 2019-11-20 |y BK |k LIT | ||